[Event "Cairo Al Ain op"]
[Site "Cairo"]
[Date "2023.12.01"]
[Round "8"]
[White "Ezat, Mohamed Mahmoud"]
[Black "El Shenawy, Ashraf"]
[Result "1/2-1/2"]
[WhiteElo "2371"]
[BlackElo "2028"]
[PlyCount "55"]
[EventDate "2023.11.27"]
[EventType "swiss"]
[EventRounds "10"]
[EventCountry "EGY"]
[SourceTitle "CB49_2023"]
[SourceDate "2023.12.06"]
[SourceVersion "1"]
[SourceVersionDate "2023.12.06"]
[SourceQuality "1"]

1. d4 c5 2. d5 d6 3. Nc3 Nf6 4. e4 a6 5. a4 g6 6. h3 Bg7 7. Nf3 0-0 8. Bc4 Nbd7 9. 0-0 Rb8 10. Re1 Qc7 11. Bf4 Ne5 12. Nxe5 dxe5 13. Be3 Ne8 14. a5 Nd6 15. Qd3 Bd7 16. Na4 Bxa4 17. Rxa4 Qd7 18. Ra3 Rbc8 19. f3 f5 20. Rc3 Qa4 21. b4 cxb4 22. Bb3 Qxa5 23. Rxc8 Rxc8 24. g4 Rc3 25. Qe2 f4 26. Bd2 Qb6+ 27. Kg2 Rc7 28. Rc1 1/2-1/2

[Event "Cairo Al Ain op"]
[Site "Cairo"]
[Date "2023.11.30"]
[Round "6"]
[White "Yousry, Salah"]
[Black "El Shenawy, Ashraf"]
[Result "1/2-1/2"]
[WhiteElo "2140"]
[BlackElo "2028"]
[PlyCount "115"]
[EventDate "2023.11.27"]
[EventType "swiss"]
[EventRounds "10"]
[EventCountry "EGY"]
[SourceTitle "CB49_2023"]
[SourceDate "2023.12.06"]
[SourceVersion "1"]
[SourceVersionDate "2023.12.06"]
[SourceQuality "1"]

1. e4 e6 2. d4 d5 3. Bd3 c5 4. exd5 exd5 5. Nf3 Nf6 6. 0-0 c4 7. Re1+ Be7 8. Bf1 0-0 9. b3 cxb3 10. axb3 Bf5 11. Ne5 Nc6 12. Nxc6 bxc6 13. Ra6 Bd7 14. Rxe7 Qxe7 15. Ba3 Qd8 16. Bxf8 Qxf8 17. Nc3 Qd6 18. h3 g6 19. Qa1 Qb4 20. Na4 Qd2 21. Qc3 Qf4 22. Nb6 Rd8 23. Nxd7 Rxd7 24. Rxc6 Re7 25. g3 Qf5 26. Bd3 Qf3 27. Rc8+ Kg7 28. Qb4 Ne4 29. Bxe4 Qxe4 30. Qd2 Qf5 31. Rc5 Qf3 32. Rc3 Qf5 33. Kg2 Qe4+ 34. Kh2 Qf5 35. h4 h6 36. Kg2 Re4 37. Rf3 Qd7 38. Re3 Qf5 39. Rxe4 Qxe4+ 40. Kf1 a5 41. Qxa5 Qh1+ 42. Ke2 Qe4+ 43. Kd1 Qg4+ 44. Kc1 Qxd4 45. Kb1 Qxf2 46. Qxd5 Qxg3 47. Qd4+ f6 48. b4 Qe1+ 49. Kb2 g5 50. h5 Qe8 51. Qg4 Qe5+ 52. c3 f5 53. Qd1 g4 54. Qd7+ Kf6 55. Qd8+ Qe7 56. Qd2 Qg7 57. b5 g3 58. Qd6+ 1/2-1/2

[Event "Cairo Egyptian op"]
[Site "Cairo"]
[Date "2016.04.27"]
[Round "8"]
[White "Sayed Hassan, Mohamed"]
[Black "El Shenawy, Ashraf"]
[Result "1-0"]
[WhiteElo "2177"]
[BlackElo "2072"]
[PlyCount "105"]
[EventDate "2016.04.22"]
[EventType "swiss"]
[EventRounds "9"]
[EventCountry "EGY"]
[SourceTitle "CBM 172 Extra"]
[Source "ChessBase"]
[SourceDate "2016.06.21"]
[SourceVersion "1"]
[SourceVersionDate "2016.06.21"]
[SourceQuality "1"]

1. d4 e6 2. Nf3 d5 3. e3 Bd6 4. Bd3 f5 5. c4 c6 6. Nc3 Nf6 7. 0-0 0-0 8. Ne5 Bxe5 9. dxe5 Ng4 10. f4 b6 11. cxd5 exd5 12. Ne2 c5 13. h3 Nh6 14. a4 Nc6 15. Bd2 Bb7 16. b3 Rc8 17. Rc1 Ne7 18. Be1 Qd7 19. Kh2 Qe6 20. a5 Kh8 21. axb6 axb6 22. Ra1 Ra8 23. Bc3 Qc6 24. Rf3 Ng6 25. Rg3 Rfd8 26. b4 Nf8 27. bxc5 bxc5 28. Qb1 Rxa1 29. Bxa1 Ba6 30. Bxf5 Qb5 31. e6 d4 32. e7 Re8 33. exf8Q+ Rxf8 34. Nxd4 cxd4 35. Bxh7 Qxb1 36. Bxb1 Nf5 37. Bxf5 Rxf5 38. Bxd4 Rf7 39. Rg5 Bd3 40. h4 Kh7 41. h5 g6 42. hxg6+ Bxg6 43. g4 Rb7 44. f5 Be8 45. Kg3 Rc7 46. Kf4 Rb7 47. f6 Bg6 48. Rc5 Kg8 49. Rc8+ Kf7 50. Kg5 Rb5+ 51. Bc5 Bc2 52. Rc7+ Ke6 53. f7 1-0

[Event "Cairo Egyptian op"]
[Site "Cairo"]
[Date "2016.04.24"]
[Round "3"]
[White "Aly, Magdy"]
[Black "El Shenawy, Ashraf"]
[Result "0-1"]
[WhiteElo "1824"]
[BlackElo "2072"]
[PlyCount "88"]
[EventDate "2016.04.22"]
[EventType "swiss"]
[EventRounds "9"]
[EventCountry "EGY"]
[SourceTitle "CBM 172 Extra"]
[Source "ChessBase"]
[SourceDate "2016.06.21"]
[SourceVersion "1"]
[SourceVersionDate "2016.06.21"]
[SourceQuality "1"]

1. c4 e6 2. Nf3 d5 3. g3 Nf6 4. Bg2 Be7 5. 0-0 c6 6. b3 a5 7. Bb2 0-0 8. Qc2 h6 9. d3 c5 10. cxd5 exd5 11. d4 b6 12. Rd1 Nc6 13. Nc3 Nb4 14. Qb1 Re8 15. dxc5 bxc5 16. a3 Nc6 17. Na4 Qc7 18. Qc2 Ba6 19. Rac1 c4 20. Bxf6 Bxf6 21. Rxd5 cxb3 22. Qxc6 Qxc6 23. Rxc6 Bb7 24. Rxf6 Bxd5 25. Rd6 Rad8 26. Rxd8 Rxd8 27. Ne1 Bc4 28. Nc3 Bxe2 29. Nxe2 Rd1 30. Kf1 b2 31. Nc3 Rc1 32. Be4 Rxc3 33. Ke2 Rc1 34. Kd2 Ra1 35. h4 Kf8 36. Bc2 b1Q 37. Bxb1 Rxb1 38. Nc2 Rb3 39. Ke2 a4 40. Kd2 h5 41. Ke2 f6 42. Kd2 Kf7 43. Ke2 g5 44. hxg5 fxg5 0-1